"Principles, Concepts and Applications of Biomedical Imaging" (Record no. 484111)

MARC details
000 -LEADER
fixed length control field 00565nam a2200193Ia 4500
008 - FIXED-LENGTH DATA ELEMENTS--GENERAL INFORMATION
fixed length control field 210417s9999 xx 000 0 und d
020 ## - INTERNATIONAL STANDARD BOOK NUMBER
International Standard Book Number 9781632413925
-- 1632413922
082 ## - DEWEY DECIMAL CLASSIFICATION NUMBER
Classification number 616.0754b JAC
Item number 22.616.0754b JAC
245 #0 - TITLE STATEMENT
Title "Principles, Concepts and Applications of Biomedical Imaging"
Statement of responsibility, etc. Principles Concepts and Applications of Biomedical Imaging
250 ## - EDITION STATEMENT
Remainder of edition statement "ix, 251 p. : col.ill., hbk."
260 ## - PUBLICATION, DISTRIBUTION, ETC.
Place of publication, distribution, etc. USA
Name of publisher, distributor, etc. Hayle Medical
Date of publication, distribution, etc. 2016
700 ## - ADDED ENTRY--PERSONAL NAME
Personal name "Jackson,Thomas "
Numeration Thomas Jackson
Holdings
Withdrawn status Lost status Source of classification or shelving scheme Damaged status Not for loan Home library Current library Shelving location Date acquired Full call number Barcode Date last seen Price effective from Koha item type
    Dewey Decimal Classification     Anna Centenary Library Anna Centenary Library 5TH FLOOR, B WING 17.04.2021 616.0754b JAC 603830 17.04.2021 17.04.2021 English Books

Find us on the map